000 01005nas a2200337 4500
001 BR0604255
003 BR-BrBNA
005 20231205110337.0
007 ta
008 230509b bl.|||p| |||| 00| 00por d
040 _aBR-BrBNA
_bpor
_cBiblioteca Nacional de Agricultura
041 _a(Pt)
072 _aL52
100 1 _aSilva, M.V.G.B. da
100 1 _aMartinez, M.L.
100 1 _aMachado, M.A.
100 1 _aNascimento, C.S. do
100 1 _aCampos, A.L.
100 1 _aGuimarães, M.F.M.
100 1 _aAzevedo, A.L.S.
100 1 _aMoita, A.K.F.
100 1 _aLui, J.F.
245 1 _aGenes do eixo somatotrófico e características de crescimento numa população F2 de bovinos
650 _aBOVINO
650 _aMARCADOR MOLECULAR
650 _aCRESCIMENTO
650 _aPOLIMORFISMO
773 0 _tPesquisa Agropecuária Brasileira (Brazil)
_xISSN 0100-204X
_g(Jun 2006), v. 41(6) p. 981-986
_wBR0604255
909 _a202311
_bLúcia
_c55
_dLúcia Elande
942 _2AGRIS
_n0
_cANA
999 _c187049
_d187049